| 000 | 00504nam a2200205Ia 4500 | ||
|---|---|---|---|
| 001 | 13553 | ||
| 003 | GE_BSU | ||
| 008 | 181216s||||||||xx |||||||||||||| ||und|| | ||
| 020 | _a0583320058 | ||
| 040 | _cGE_BSU | ||
| 080 | _a796 | ||
| 100 | _aCouples,Fred | ||
| 245 | _aTotal Shotmaking: The Golfer's Guide to Low Scoring | ||
| 260 | _aLondon | ||
| 260 | _bHarper Collins | ||
| 260 | _c1994 | ||
| 300 | _a95p.ill.20cm. | ||
| 653 | _aTotal Shotmaking: The Golfer's Guide to Low Scoring | ||
| 942 | _cBK | ||
| 999 |
_c46709 _d46709 |
||